LEADER 01436naa a2200253 u 4500 001 000000100024 003 CaOOAMICUS 005 20070226130201.0 008 051014s1992 it u000 u ita u 020 $a8815036423 035 $a11063903 040 $aIAR$bita 100 1 $aRicci, Giovanni.$0(OLS)http://pul/name/62668 245 10$aAnnibale Pocaterra e i "Dialogi della vergogna" :$bPer la storia di un sentimento alla fine del Cinquecento /$cGiovanni Ricci. 260 $aBologna :$bIl Mulino,$c1992. 300 $aS. 43-76 ;$c24 cm 600 14$aPocaterra, Annibale,$d1559-1593.$0(OLS)http://pul/subject/32117 730 0 $aAnnali dell'Istituto storico italo-germanico in Trento = Jahrbuch des Italienisch-Deutschen Historischen Instituts in Trient$g[Spogli].$0(OLS)http://pul/title/8676 773 0 $aJahrbuch des italienisch-deutschen historischen Instituts in Trient.$g17 (1991) 773 0 $aAnnali dell'Istituto storico italo.germanico in Trento.$g17 (1991) 773 0 $aIstituto storico italo-germanico.$tAnnali dell'Istituto storico italo-germanico in Trento = Jahrbuch des Italienisch-Deutschen Historischen Instituts in Trient$w()5918 996 $6020$a8815036423$9(OLS)http://pul/number/129600 996 $6245$aAnnibale Pocaterra e i "Dialogi della vergogna" :$bPer la storia di un sentimento alla fine del Cinquecento$9(OLS)http://pul/title/126905 996 $6260$aBologna :$bIl Mulino$9(OLS)http://pul/publisher/47928 LEADER 01573nam a2200325 u 4500 001 000000075567 003 CaOOAMICUS 005 20070226123120.0 008 031008s1987 it u000 u ita u 020 $a8870781208 035 $a10972337 040 $aPUL$bita 041 1 $aita$heng 100 1 $aMeltzer, Donald.$0(OLS)http://pul/name/50152 240 10$aStudies in extended metapsychology.$lItaliano.$0(OLS)http://pul/title/99187 245 10$aStudi di metapsicologia allargata :$bapplicazioni cliniche del pensiero di Bion /$cDonald Meltzer ; in collaborazione con Mariela Albergamo [et al...]. 260 $aMilano :$bR. Cortina,$cc1987. 300 $axvii, 246 p. ;$c23 cm 490 1 $aCollana di psicologia clinica e psicoterapia ;$v17 650 4$aPsicologia clinica.$0(OLS)http://pul/subject/3414 700 1 $aAlbergamo, Mariella.$0(OLS)http://pul/name/50224 830 0$aCollana di psicologia clinica e psicoterapia ;$v17.$0(OLS)http://pul/title/12189 850 $aPUL 852 $aPUL$W1$xSL Filosofia 1$y2$m97 S 17$j97213$nBK-PRI$b $qStampati$B97213$CPULBib$Z2$F97213 $H93274 $81 852 $aPUL$W1$xDP1 Fondo Dalla Palma$y117$m7 A 48$j158762$qFondi$B196064$CPULBib$Z2$F196064 $HDal3183 $81 941 1 $a1 941 1 $a8 996 $6020$a8870781208$9(OLS)http://pul/number/98657 996 $6245$aStudi di metapsicologia allargata :$bapplicazioni cliniche del pensiero di Bion$9(OLS)http://pul/title/99188 996 $6260$aMilano :$bR. Cortina$9(OLS)http://pul/publisher/52064